| 000 | 00531nam a2200193Ia 4500 | ||
|---|---|---|---|
| 008 | 131103s9999 xx 000 0 und d | ||
| 040 | _aLoreto College | ||
| 041 | _aEnglish | ||
| 082 |
_a920/GAN _bLCLIB/ |
||
| 100 | _aFischer,Louis | ||
| 245 | 4 |
_aThe life of Mahatma Gandhi _cLouis Fisher |
|
| 260 |
_aLondon _bJonathan Cape _c1951 (1952 printing) |
||
| 300 |
_a593 p. _c 23 cm. |
||
| 504 | _aGandhi,Mohandas Karamchand,1869 - 1948 | ||
| 650 | _aBiography | ||
| 651 | _aIndia - Biography | ||
| 850 | _aLCLIB | ||
| 942 | _cBK | ||
| 999 |
_c12254 _d62733 |
||